000 00319nam a2200133 i 4500
001 bg
100 1 _aILNICKI, Daniel
245 0 _aPodstawy teorii automatycznej regulacji /
_cDaniel Ilnicki.
260 _aKraków,
_c1978.
040 _cBPK
041 _apol
942 _cKS
008 s pl f |000 0 pol
999 _c9823
_d9823
856 _uhttp://koha.tu.koszalin.pl/cgi-bin/koha/opac-detail.pl?biblionumber=9823
_yKatalog online BPK